000 00422nam a2200133Ia 4500
008 151001s9999||||xx |||||||||||||| ||und||
100 _aए जी नांदेडवाला
245 _aमहाराष्ट्र प्रादेशिक व नवररचना
250 _a1
260 _bशिवांश पब्लिकेशन
260 _c2003
300 _a327
365 _b21
999 _c985596
_d985593